00595cam a2200181 a 4500020003400000020001800034082001900052100001900071245003900090260003100129300001700160500002000177650001500197700002300212856005800235856006500293856005500358 a0471020311 (acidfree paper) : a978047112929500a530.092 SAGaB1 aSagdeev, R. Z.14aThe making of a Soviet scientist : aNew York :bWiley,cc1994. axi, 339 p. ; aIncludes index. 0aPhysicists1 aEisenhower, Susan.42uhttp://www.loc.gov/catdir/bios/wiley041/93040709.html42uhttp://www.loc.gov/catdir/description/wiley031/93040709.html4 uhttp://www.loc.gov/catdir/toc/onix02/93040709.html